الفكر الاقتصادي عند الإمام محمد بن الحسن الشيباني الإنتاج-التوزيع -الاستهلاك / (رقم التسجيلة. 119701)

تفاصيل مارك
000 -الفاتح
عناصر البيانات ثابتة الطول 00853cam a2200205 i 4500
005 - تاريخ ووقت آخر معاملة
حقل ضبط 20251217101014.0
008 - عناصر البيانات ثابتة الطول
عناصر البيانات ثابتة الطول 250721s2009 jo gr 000 0 ara d
020 ## - الترقيم الدولي المعياري للكتب (ردمك)
الترقيم الدولي المعياري للكتب (ردمك) 9789957506391
082 14 - رقم تصنيف ديوي العشري
رقم التصنيف 216.921
رقم المادة خ ص ا
100 1# - مدخل رئيسي – اسم شخصي
الاسم الشخصي خصاونة، أحمد سليمان محمود
علاقة الشخص بالعمل/ دوره مؤلف.
245 10 - بيان العنوان
العنوان الفكر الاقتصادي عند الإمام محمد بن الحسن الشيباني الإنتاج-التوزيع -الاستهلاك /
بيان المسؤولية تاليف احمد سليمان محمود خصاونه.
250 ## - بيان الطبعة
بيان الطبعة الطبعه الاولى.
264 31 - بيانات النشر، التوزيع…إلخ
مكان النشر، التوزيع...إلخ عمان :
اسم الناشر، الموزع...إلخ دار عماد الدين للنشر،
تاريخ النشر، التوزيع...إلخ 2009.
300 ## - الوصف المادي
عدد الوحدات المكونة للوعاء 322 صفحه.
650 17 - مدخل إضافي بالموضوع - مصطلح موضوعي
مصطلح موضوعي أو اسم جغرافي كعنصر مدخل الفقه الاسلامي.
650 17 - مدخل إضافي بالموضوع - مصطلح موضوعي
مصطلح موضوعي أو اسم جغرافي كعنصر مدخل الاقتصاد الاسلامي.
650 17 - مدخل إضافي بالموضوع - مصطلح موضوعي
مصطلح موضوعي أو اسم جغرافي كعنصر مدخل الفكر الاقتصادي.
942 ## - بيانات إضافية (كوها)
نوع التنصيف Dewey Decimal Classification
نوع المادة (كوها) كتب
المقتنيات
حالة السحب حالة الفقدان مصدر التصنيف حالة التلف غير قابل للإعارة المكتبة الرئيسية المكتبة الحالية موقع الرف تاريخ التزويد الرقم المتسلسل Total Checkouts رقم الإستدعاء الباركود تاريخ آخر ظهور تاريخ الفاتورة نوع المادة (كوها)
    Dewey Decimal Classification     المكتبة المركزية المكتبة المركزية الإعارة 28/07/2025 1372608   216.921 / خ ص ا PLD00138016 28/07/2025 28/07/2025 كتب
    Dewey Decimal Classification     مكتبة أبو علندا العامة مكتبة أبو علندا العامة الإعارة 24/03/2010 1372616   216.921/خصا PLD00138279 28/07/2025 24/03/2010 كتب
    Dewey Decimal Classification     مكتبة الأميرة ايمان العامة مكتبة الأميرة ايمان العامة الإعارة 24/03/2010 1372617   216.921/خصا PLD00138280 28/07/2025 24/03/2010 كتب
    Dewey Decimal Classification     مكتبة البراعم الواعدة مكتبة البراعم الواعدة الإعارة 24/03/2010 1372611   216.921/خصا PLD00138274 28/07/2025 24/03/2010 كتب
    Dewey Decimal Classification     مكتبة ومركز فرح مكتبة ومركز فرح الإعارة 24/03/2010 1372613   216.921/خصا PLD00138276 28/07/2025 24/03/2010 كتب
Implemented & Customized by: BBB with SCIT (Smart Chains for Information Technology)

Powered by Koha